Statistics for 人口の少ない自治体Top100

Click here to take the quiz!

General Stats

  • This quiz has been taken 349 times
  • The average score is 47 of 100

Answer Stats

順位自治体名人口% Correct
4青ヶ島村166
89%
1双葉郡双葉町0
88%
1双葉郡大熊町0
76%
1双葉郡浪江町0
73%
13東牟婁郡北山村374
71%
13鹿児島郡三島村374
70%
8岩船郡粟島浦村332
69%
9利島村334
68%
15吉野郡上北山村405
67%
5島尻郡渡名喜村302
66%
29安芸郡馬路村719
66%
19島尻郡北大東村555
65%
16南会津郡檜枝岐村491
64%
24島尻郡粟国村646
63%
10吉野郡野迫川村341
63%
30鹿児島郡十島村737
62%
28南佐久郡北相木村699
61%
6御蔵島村303
60%
57双葉郡富岡町1,216
58%
84下北郡佐井村1,568
56%
73大野郡白川村1,424
56%
23中川郡(天塩)音威子府村633
56%
7双葉郡葛尾村322
56%
76勇払郡占冠村1,464
56%
48吉野郡川上村1,076
55%
27吉野郡下北山村693
54%
47下伊那郡天龍村1,061
53%
25島尻郡渡嘉敷村662
52%
49吉野郡天川村1,078
52%
18下伊那郡売木村504
52%
38北設楽郡豊根村917
51%
21隠岐郡知夫村594
51%
75古宇郡泊村1,458
51%
41南巨摩郡早川町973
50%
37南佐久郡南相木村912
50%
33下伊那郡根羽村808
49%
89八重山郡与那国町1,666
48%
56宇陀郡曽爾村1,193
48%
64英田郡西粟倉村1,318
48%
42紋別郡西興部村985
48%
72甘楽郡南牧村1,403
48%
71吉野郡東吉野村1,369
48%
26木曽郡王滝村665
47%
50島尻郡伊平屋村1,106
47%
31真庭郡新庄村749
47%
59島尻郡南大東村1,231
47%
74下伊那郡泰阜村1,430
46%
98虻田郡留寿都村1,877
46%
17北都留郡丹波山村503
46%
22北都留郡小菅村615
46%
83大島郡宇検村1,561
45%
92大沼郡金山町1,722
45%
11土佐郡大川村348
45%
82東国東郡姫島村1,552
45%
43苫前郡初山別村1,007
45%
66宇陀郡御杖村1,349
44%
77下北郡風間浦村1,468
44%
40下伊那郡大鹿村928
44%
93神津島村1,752
44%
36島尻郡座間味村851
44%
20吉野郡黒滝村565
43%
12下伊那郡平谷村366
43%
31相馬郡飯舘村749
42%
63大沼郡三島町1,294
42%
46宮古郡多良間村1,041
42%
55中津軽郡西目屋村1,185
41%
60島尻郡伊是名村1,243
41%
54刈田郡七ヶ宿町1,172
41%
34古宇郡神恵内村815
41%
45多野郡上野村1,028
40%
51安芸郡北川村1,113
39%
39児湯郡西米良村922
39%
67大島郡大和村1,350
39%
100球磨郡水上村1,882
38%
68中川郡(天塩)中川町1,356
38%
80枝幸郡中頓別町1,511
38%
97球磨郡球磨村1,844
37%
58島牧郡島牧村1,229
37%
53大沼郡昭和村1,154
37%
44相楽郡笠置町1,008
37%
52余市郡赤井川村1,116
36%
78多野郡神流町1,476
36%
81下水内郡栄村1,514
36%
99西多摩郡檜原村1,879
35%
35球磨郡五木村847
35%
70幡多郡三原村1,364
35%
79南都留郡道志村1,499
34%
96北秋田郡上小阿仁村1,840
33%
69東臼杵郡諸塚村1,360
32%
85樺戸郡浦臼町1,574
31%
61雨竜郡幌加内町1,250
31%
86東筑摩郡生坂村1,583
31%
94与謝郡伊根町1,799
30%
90積丹郡積丹町1,672
29%
91朝倉郡東峰村1,720
29%
95双葉郡川内村1,819
27%
65阿蘇郡産山村1,328
27%
87国頭郡東村1,601
24%
88雨竜郡北竜町1,611
23%
62勝浦郡上勝町1,287
19%

Score Distribution

Percentile by Number Answered

Percent of People with Each Score

Your Score History

You have not taken this quiz